| 000 | 00622nam a2200229 i 4500 | ||
|---|---|---|---|
| 001 | 11952 | ||
| 003 | ES-MaACL | ||
| 005 | 20230906150217.0 | ||
| 007 | t| | ||
| 008 | 970203s1994 fr ||||1| spa d | ||
| 020 | _a92-3-302640-X | ||
| 080 | _a371.13 | ||
| 245 | 0 | 1 | _a¿Qué formación para los maestros?. |
| 260 |
_aParís : _bUNESCO, _c1994. |
||
| 300 |
_a144 p. ; _c24 cm. |
||
| 490 | 1 | _aLa biblioteca del docente | |
| 650 | 4 |
_aProfesores- _xFormación profesional. _916460 |
|
| 710 | 2 |
_aUnesco. _96999 |
|
| 830 | 1 |
_aLa biblioteca del docente _9228234 |
|
| 852 |
_aES-MaACL _jL-19356 |
||
| 999 |
_c11952 _d11952 |
||